[Event "Hungarian National Open 2013"]
[Site "Zalakaros HUN"]
[Date "2013.05.29"]
[Round "8"]
[White "Srebrnic,V"]
[Black "Tesik,C"]
[Result "0-1"]
[WhiteElo "2176"]
[BlackElo "2351"]
[ECO "B23"]

1.e4 c5 2.Nc3 Nc6 3.Bb5 Nd4 4.Bc4 g6 5.Nf3 Bg7 6.O-O e6 7.Nxd4 cxd4 8.Ne2 Ne7
9.c3 O-O 10.Nxd4 Bxd4 11.cxd4 d5 12.exd5 exd5 13.Bb3 Nf5 14.d3 Nxd4 15.Re1 Be6
16.Bf4 Rc8 17.Be5 Qb6 18.Bxd4 Qxd4 19.Qd2 Rc6 20.Rac1 Rfc8 21.Rxc6 bxc6 22.Qc3 Qxc3
23.bxc3 Kf8 24.f3 Ke7 25.Kf2 Kd6 26.Ke3 h5 27.h4 Bf5 28.d4 Rb8 29.Kd2 a5
30.Re2 f6 31.Rf2 Rg8 32.g4 Be6 33.Bd1 Ke7 34.Ke3 Rh8 35.Rh2 Rb8 36.gxh5 gxh5
37.Bb3 Rg8 38.Kf2 Rb8 39.Rg2 Kf7 40.Ke3 Bf5 41.Ba4 Rb6 42.Kf4 Bd3 43.Bb3 Bf1
44.Rf2 Bc4 45.Ba4 Bd3 46.Rg2 Bf1 47.Rf2 Bc4 48.Ke3 Rb1 49.Bxc6 Rc1 50.Kd2 Rh1
51.Ke3 Rxh4 52.Ba4 Rh1 53.Bb3 Rc1 54.Kd2 Rb1 55.Kc2 Rh1 56.Kb2 h4 57.Bc2 Ke6
58.Ka3 h3 59.Bh7 Rf1 60.Rb2 Rxf3 61.Rb6+ Ke7 62.Rb7+ Kd6 63.Bg6 h2 64.Rh7 Rf2
65.Bb1 Be2 66.c4 Bxc4 67.Ka4 Rf1  0-1

[Event "6th Mayors Cup 2013"]
[Site "Mumbai IND"]
[Date "2013.05.30"]
[Round "2"]
[White "Amonatov,F"]
[Black "Aravindh,Chithambaram VR."]
[Result "1-0"]
[WhiteElo "2616"]
[BlackElo "2328"]
[ECO "B30"]

1.e4 c5 2.Nf3 Nc6 3.Nc3 e5 4.Bc4 d6 5.d3 Nf6 6.Nd2 Be7 7.Nf1 O-O 8.Ne3 Nd4
9.Ncd5 Nxd5 10.Bxd5 Nb5 11.O-O Nc7 12.Bb3 Be6 13.c3 d5 14.Qf3 d4 15.Nf5 Bf6
16.Qg3 Bxf5 17.exf5 dxc3 18.bxc3 Nd5 19.Bd2 Nf4 20.Bxf4 exf4 21.Qf3 Qd7 22.Rac1 Qxf5
23.Qxb7 Qxd3 24.Bxf7+ Kh8 25.Rfd1 Qf5 26.Bc4 Qc8 27.Qf3 Qc7 28.Qh3 Rad8 29.Bd3 g5
30.Be4 Qg7 31.Rxd8 Rxd8 32.g3 Qd7 33.Qh6 Qg7 34.Qh5 Qe7 35.Bf5 Rd5 36.Bc2 Re5
37.c4 Re1+ 38.Rxe1 Qxe1+ 39.Kg2 Qe7 40.Qf3 fxg3 41.hxg3 Bd4 42.Qd3 Kg8 43.Qe4 Qf6
44.a4 a5 45.Qf5 Qe7 46.Be4 Bf6 47.Qd5+ Kg7 48.Qa8 Bd4 49.f3 Bc3 50.Qc8 Bd4
51.Qh3 h6 52.Qf5 Qf6 53.Qh7+ Kf8 54.Qc7 Qf7 55.Qd8+ Kg7 56.Bd5 Qf8 57.Qc7+ Kh8
58.Be4 Bg7 59.Qxa5 Qd6 60.Qa8+ Bf8 61.Bd5 h5 62.Qe8 h4 63.Qh5+ Bh6 64.gxh4 gxh4
65.Qxh4 Kg7 66.Qg3+ Qxg3+ 67.Kxg3 Bd2 68.f4 Kf6 69.Kf3 Kf5 70.Be4+ Ke6 71.Bc2 Ba5
72.Ke4 Bc3 73.Bd1 Kd6 74.Kf5 Bd2 75.Bf3 Bc3 76.Kg6 Ke6 77.f5+ Ke7 78.Bd5 Kf8
79.f6 Ba5 80.Kf5  1-0

[Event "35th Nezhmetdinov Cup"]
[Site "Kazan RUS"]
[Date "2013.06.01"]
[Round "2.9"]
[White "Belyakov,B"]
[Black "Kryakvin,D"]
[Result "1/2-1/2"]
[WhiteElo "2407"]
[BlackElo "2576"]
[ECO "B88"]

1.e4 c5 2.Nf3 Nc6 3.Nc3 d6 4.d4 cxd4 5.Nxd4 Nf6 6.Bc4 e6 7.Bb3 Be7 8.Be3 O-O
9.Qe2 a6 10.O-O-O Qe8 11.g4 Nxd4 12.Bxd4 e5 13.Be3 Bxg4 14.f3 Be6 15.Rhg1 Kh8
16.f4 Rc8 17.f5 Bxb3 18.axb3 Rxc3 19.bxc3 Qc6 20.Qg2 g6 21.Bg5 Qxc3 22.Kb1 Qc6
23.Rd3 Rg8 24.Rh3 Rg7 25.Bxf6 Bxf6 26.Qf3 Qb6 27.Rd1 Qd8 28.Qd3 gxf5 29.Qxd6 Qxd6
30.Rxd6 Rg1+ 31.Kb2 Kg7 32.exf5 e4+ 33.c3 Rg2+ 34.Kb1 Be5 35.Rd5 Bf4 36.Rh4 e3
37.Rxf4 e2 38.Re4 Rg1+ 39.Kc2 e1=Q 40.Rxe1 Rxe1 41.Rd7 b5 42.Rd6 Re2+ 43.Kd3 Rxh2
44.Rxa6 Rh5 45.Ke4 b4 46.Rc6 Rh3 47.cxb4 Rxb3 48.Rc4 h5 49.Ke5 Rb1 50.Re4 Rh1
51.Re2 Rb1 52.Re4 Rh1 53.Re2 Rb1 54.Re4  1/2-1/2

[Event "OKU Open A 2013"]
[Site "Maarssen NED"]
[Date "2013.06.01"]
[Round "2.25"]
[White "De Bruijne,Arian"]
[Black "Snuverink,L"]
[Result "1-0"]
[WhiteElo "1941"]
[BlackElo "1998"]
[ECO "B34"]

1.e4 c5 2.Nc3 Nc6 3.Nge2 g6 4.d4 cxd4 5.Nxd4 Bg7 6.Be3 Nf6 7.f3 Qa5 8.Qd2 O-O
9.O-O-O a6 10.Kb1 Qc7 11.g4 d6 12.g5 Nd7 13.h4 Nxd4 14.Bxd4 Re8 15.Bxg7 Kxg7
16.Bh3 Nb6 17.h5 Qc5 18.hxg6 hxg6 19.f4 Rh8 20.f5 Nc4 21.Qf4 Qe5 22.Qf2 e6
23.f6+ Kg8 24.Bf5 Rh5 25.Rxh5 gxh5 26.Qh4 Kf8 27.Qxh5 Ke8 28.Rd5 Qf4 29.g6 Nd2+
30.Rxd2 Qxd2 31.gxf7+ Kd7 32.f8=Q  1-0

[Event "OKU Open A 2013"]
[Site "Maarssen NED"]
[Date "2013.06.01"]
[Round "4.20"]
[White "Pilgrim,P"]
[Black "Snuverink,L"]
[Result "1-0"]
[WhiteElo "2018"]
[BlackElo "1998"]
[ECO "B34"]

1.e4 c5 2.Nf3 Nc6 3.Nc3 g6 4.d4 cxd4 5.Nxd4 Bg7 6.Be3 Nf6 7.Be2 O-O 8.O-O d6
9.h3 Bd7 10.Qd2 Nxd4 11.Bxd4 Bc6 12.Bd3 d5 13.exd5 Nxd5 14.Bxg7 Kxg7 15.Be4 Nb4
16.Qe2 e6 17.a3 Bxe4 18.axb4 Bc6 19.b5 Be8 20.Qe5+ Kg8 21.Rfd1 Qb6 22.Rd6 Qc7
23.Nd5 exd5 24.Rxg6+ hxg6 25.Qxc7 Bxb5 26.Qxb7 a6 27.Qxd5 Rad8 28.Qg5 Rd6
29.b3 Rfd8 30.c4 Be8 31.c5 Rd5 32.Qe3 Bb5 33.c6 Rd1+ 34.Rxd1 Rxd1+ 35.Kh2 Bxc6
36.Qe2 Ra1 37.Qb2 Rf1 38.b4 Bb5 39.h4 Re1 40.Qd4 Re6 41.Kg3 Bf1 42.Qd5 Bb5
43.Qg5 Kg7 44.f3 Bf1 45.Kf2 Bb5 46.h5 Re2+ 47.Kg3 Re6 48.Kf4 Rf6+ 49.Kg3 Rf5
50.h6+ Kh7 51.Qd8 Kxh6 52.Qh8+ Kg5 53.Qh4+  1-0

[Event "35th Nezhmetdinov Cup"]
[Site "Kazan RUS"]
[Date "2013.06.02"]
[Round "3.51"]
[White "Ivanov,Vladis"]
[Black "Tukaeva,Adelya"]
[Result "0-1"]
[WhiteElo "2002"]
[BlackElo "1655"]
[ECO "B23"]

1.e4 c5 2.Nc3 Nc6 3.Bb5 d6 4.Bxc6+ bxc6 5.d3 g6 6.f4 Bg7 7.Nf3 Rb8 8.O-O e6
9.Qe1 Ne7 10.Kh1 O-O 11.Qh4 Ba6 12.f5 exf5 13.Bh6 f6 14.b3 fxe4 15.Nxe4 Nf5
16.Qf2 Nxh6 17.Rab1 Qd7 18.Qd2 Rbe8 19.Ng3 Ng4 20.a3 Ne3 21.Rg1 Bh6 22.Qa5 Bc8
23.Qc3 Nd5 24.Qb2 f5 25.c3 Ba6 26.c4 Nf6 27.b4 cxb4 28.axb4 Bf4 29.Ne2 Be3
30.Rgf1 Ng4 31.Ng3 Ne5 32.Ne1 Qg7 33.Qb3 Ng4 34.Qa2 Bb7 35.Nf3 Bf4 36.c5+ d5
37.Ng1 Bxg3 38.hxg3 Re3 39.Rf3 Qh6+ 40.Nh3 Rxf3 41.Qxa7 Rxg3  0-1

[Event "OKU Open A 2013"]
[Site "Maarssen NED"]
[Date "2013.06.02"]
[Round "6.6"]
[White "Von Meijenfeldt,Bart"]
[Black "Vereggen,L"]
[Result "1/2-1/2"]
[WhiteElo "2167"]
[BlackElo "2068"]
[ECO "B56"]

1.e4 c5 2.Nc3 Nc6 3.Nge2 d6 4.d4 cxd4 5.Nxd4 Nf6 6.f3 e6 7.Be3 Be7 8.Qd2 Nxd4
9.Bxd4 e5 10.Bb5+ Bd7 11.Bxd7+ Qxd7 12.Be3 h6 13.O-O O-O 14.Nd5 Nxd5 15.Qxd5 Qc6
16.c4 Rfc8 17.b3 Qxd5 18.exd5 a6 19.a4 g5 20.h4 a5 21.hxg5  1/2-1/2

[Event "Mitropa Cup Women 2013"]
[Site "Meissen GER"]
[Date "2013.06.03"]
[Round "3.1"]
[White "Osmanodja,F"]
[Black "Deur,Z"]
[Result "1-0"]
[WhiteElo "2255"]
[BlackElo "2104"]
[ECO "B30"]

1.e4 c5 2.Nf3 Nc6 3.Nc3 Nf6 4.Bb5 d6 5.e5 dxe5 6.Nxe5 Qd6 7.Nxc6 bxc6 8.Be2 Bf5
9.O-O e6 10.Bf3 Be7 11.d3 O-O 12.Ne2 Rad8 13.Bf4 e5 14.Bg3 Bg6 15.Nc3 Nd5
16.Qe1 f6 17.Be4 Bf7 18.a3 Qb8 19.Na4 Bd6 20.h3 Qc7 21.c4 Ne7 22.b4 f5 23.bxc5 fxe4
24.Qxe4 Bg6 25.cxd6 Qxd6 26.Qxe5 Qxe5 27.Bxe5 Bxd3 28.Rfc1 Ng6 29.Bg3 Nf4
30.Bxf4 Rxf4 31.Nb2 Rdd4 32.c5 Be2 33.Rc2 Bd3 34.Rc3 Be2 35.Rc2 Bh5 36.Rac1 Rd5
37.Rc3 Rd2 38.Nd3 Rd4 39.Ne5 Rf4 40.f3 Rf6 41.Rb3 Re6 42.Rb8+ Be8 43.f4 Kf8
44.Ra8 Rd4 45.g3 g5 46.Re1 Re7 47.Rb1 Re6 48.Re1 Re7 49.Rf1 gxf4 50.Nxc6  1-0

[Event "Icelandic Open Championship 2013"]
[Site "Reykjavik ISL"]
[Date "2013.06.03"]
[Round "5.15"]
[White "Kristinardottir,E"]
[Black "Karlsson,MiJ"]
[Result "0-1"]
[WhiteElo "1785"]
[BlackElo "2022"]
[ECO "B30"]

1.e4 c5 2.Nf3 Nc6 3.Nc3 e5 4.Bc4 Be7 5.d3 d6 6.h3 Nf6 7.Nd5 O-O 8.c3 Na5
9.Nxf6+ Bxf6 10.Bd5 Be6 11.c4 Bxd5 12.cxd5 b5 13.b4 Nb7 14.Qb3 Qd7 15.Rb1 a6
16.Be3 Rfc8 17.Nd2 Bd8 18.O-O Bb6 19.a3 f5 20.f4 Re8 21.fxe5 Rxe5 22.Kh1 fxe4
23.bxc5 Nxc5 24.Bxc5 Bxc5 25.Nxe4 Qb7 26.Rf3 Qxd5 27.Qc3 Rf5 28.Rg3 Bd4 29.Qc7 Be5
30.Nxd6 Bxg3 31.Nxf5 Bxc7 32.Ne7+ Kf7 33.Nxd5 Bd6 34.g4 Ke6 35.Nb6 Rb8 36.Re1+ Kf7
37.Nd7 Rb7 38.Ne5+ Bxe5 39.Rxe5 b4 40.Re2 b3 41.Rb2 Ke6 42.Kg1 Ke5 43.Kf2 Kd4
44.Ke2 Kc3 45.Rb1 Kc2 46.Rd1 b2  0-1

[Event "French Top 12 2013"]
[Site "Haguenau FRA"]
[Date "2013.06.05"]
[Round "7.8"]
[White "Leconte,M"]
[Black "Nicoara,M"]
[Result "1-0"]
[WhiteElo "2225"]
[BlackElo "2117"]
[ECO "B23"]

1.e4 c5 2.Nc3 Nc6 3.Bb5 Nd4 4.Bc4 e6 5.Nf3 Nf6 6.O-O a6 7.d3 d5 8.exd5 exd5
9.Nxd5 Nxd5 10.Nxd4 cxd4 11.Qh5 Be6 12.Re1 Be7 13.Rxe6 O-O 14.Re2 Nb6 15.Bb3 Rc8
16.Bd2 Rc5 17.Qf3 Qd7 18.Bb4  1-0

[Event "Icelandic Open Championship 2013"]
[Site "Reykjavik ISL"]
[Date "2013.06.05"]
[Round "7.8"]
[White "Bergsson,St"]
[Black "Sigurdsson,Sv"]
[Result "1-0"]
[WhiteElo "2157"]
[BlackElo "2000"]
[ECO "B23"]

1.e4 c5 2.Nc3 Nc6 3.Bb5 d6 4.Bxc6+ bxc6 5.f4 Nf6 6.Nf3 Bg4 7.O-O e6 8.Qe1 Bxf3
9.Rxf3 Be7 10.d3 O-O 11.b3 Nd7 12.Rb1 Bf6 13.Nd1 Re8 14.g4 g5 15.fxg5 Bxg5
16.Nf2 Ne5 17.Rh3 Qf6 18.Qe2 Bxc1 19.Rxc1 Ng6 20.Rf3 Nf4 21.Qe3 e5 22.Nh3 Nxh3+
23.Rxh3 Re6 24.Rf1 Qg7 25.Rf5 Rg6 26.Rg3 Re8 27.h3 a5 28.a4 f6 29.Qe1 Qc7
30.Qf2 Qe7 31.Kh2 Rf8 32.h4 Qg7 33.Kh3 Kh8 34.g5 Rg8 35.Kh2 fxg5 36.hxg5 Qe7
37.Rf7 Qd8 38.Rxh7+ Kxh7 39.Qf7+ R8g7 40.Rh3+ Rh6 41.Rxh6+  1-0

[Event "Grand Europe Open Albena"]
[Site "Albena BUL"]
[Date "2013.06.06"]
[Round "6.41"]
[White "Marholev,D"]
[Black "Janev,P"]
[Result "1/2-1/2"]
[WhiteElo "2329"]
[BlackElo "2223"]
[ECO "B23"]

1.e4 c5 2.Nc3 Nc6 3.Bb5 Nd4 4.Bc4 e6 5.Nge2 Nf6 6.O-O d5 7.exd5 exd5 8.Nxd5 Nxd5
9.Nxd4 cxd4 10.Qh5 Be6 11.Re1 Be7 12.Rxe6 O-O 13.Re1 Nb6 14.Bb3 d3 15.cxd3 Bf6
16.Qf3 Qd7 17.d4 Rfe8 18.Rd1 Re7 19.d3 Rae8 20.Be3 Bxd4 21.Bxd4 Qxd4 22.Rab1 g6
23.g3 Kg7 24.Rd2 h5 25.Kg2 h4 26.Qf4 Qxf4 27.gxf4 Rd8 28.Kh3 Rd4 29.Kxh4 Rxf4+
30.Kg3 Rd4 31.Rc1 Red7 32.Rc3 f5 33.f4 Kf6 34.Kf3 Rh7 35.Ke3 Rdd7 36.Rf2 Rh3+
37.Ke2 Ke7 38.d4 Rh6 39.Re3+ Kd8 40.Kd3 Re7 41.Be6 Kc7 42.Rfe2 Rh4 43.Rg3 Rh6
44.Rge3 Rh4 45.Bb3 Rxe3+ 46.Kxe3 Kd6 47.Kf3 Nd5 48.Bxd5 Kxd5 49.Re7 Rxh2
50.Rxb7 Kxd4 51.Rxa7 Rxb2 52.Ra6 Rc2 53.Rd6+ Kc5 54.Rxg6 Rxa2 55.Kg3 Kd4
56.Rd6+ Ke4 57.Re6+ Kd5 58.Re5+ Kd6 59.Kh4 Rg2 60.Kh5 Rg1 61.Rxf5 Ke6 62.Rg5 Rf1
63.Re5+ Kf6 64.Kg4 Rg1+ 65.Kf3 Rf1+ 66.Kg3 Rg1+ 67.Kf2 Ra1 68.Kg2 Ra3  1/2-1/2

[Event "Grand Europe Open Albena"]
[Site "Albena BUL"]
[Date "2013.06.06"]
[Round "6.3"]
[White "Nevednichy,V"]
[Black "Sveshnikov,E"]
[Result "1-0"]
[WhiteElo "2580"]
[BlackElo "2512"]
[ECO "B23"]

1.e4 c5 2.Nc3 Nc6 3.Bb5 Nd4 4.Bc4 e6 5.Nge2 Nf6 6.O-O d5 7.exd5 exd5 8.Nxd5 Nf3+
9.gxf3 Nxd5 10.d4 Nb6 11.Bb5+ Bd7 12.Bxd7+ Qxd7 13.dxc5 Bxc5 14.Qxd7+ Kxd7
15.Be3 Kc6 16.Bxc5 Kxc5 17.Ng3 Rad8 18.Rfe1 Rd7 19.Re3 Nd5 20.Rd3 Rhd8 21.Rad1 Kc6
22.Kf1 g6 23.Ne2 b5 24.a3 a6 25.b3 Rd6 26.Rd4 Ne7 27.Ke1 Nf5 28.Rxd6+ Rxd6
29.Rxd6+ Kxd6 30.Kd2 Ke5 31.Kd3 Nh4 32.Nd4 Kd5 33.c3 g5 34.Ke2 h5 35.Kd3 f5
36.c4+ bxc4+ 37.bxc4+ Kd6 38.Kc3 a5 39.Kd3 g4 40.fxg4 hxg4 41.Kc3 Kc5 42.Nb3+ Kd6
43.Nd4 Kc5 44.Nb3+ Kd6 45.Nd2 Kc5 46.Kd3 a4 47.Kc3 Ng6 48.f3 Ne5 49.fxg4 fxg4
50.Ne4+ Kc6 51.Nf2 Kd6 52.Kb4 Kc6 53.c5 Nd7 54.Nd3 Nf6 55.Kc4 Kc7 56.Ne5 Kb7
57.Kb5 Kc7 58.Kxa4 g3 59.hxg3 Ne4 60.g4 Nxc5+ 61.Kb5 Ne4 62.Nf3 Kd6 63.g5 Kd5
64.a4 Nd6+ 65.Kb4 Ke4 66.a5 Kd5 67.g6 Ne8 68.Kb5 Nd6+ 69.Kb6 Nc4+ 70.Kc7 Ke6
71.a6 Nd6 72.Nd4+ Ke5 73.a7 Ke4  1-0

[Event "Alushta Summer-2013-2"]
[Site "Alushta UKR"]
[Date "2013.06.06"]
[Round "4"]
[White "Frhat,A"]
[Black "Iljin,T"]
[Result "1/2-1/2"]
[WhiteElo "2352"]
[BlackElo "2410"]
[ECO "B30"]

1.e4 c5 2.Nf3 Nc6 3.Nc3 e5 4.Bc4 Be7 5.d3 Nf6 6.O-O O-O 7.Bg5 d6 8.h3 Be6
9.a3 a6 10.Bxf6 Bxf6 11.Nd5 b5 12.Ba2 g6 13.Nxf6+ Qxf6 14.c3 Bxa2 15.Rxa2 Qe6
16.b3 Rad8 17.Re1 d5  1/2-1/2

[Event "43rd Open A Bosna 2013"]
[Site "Sarajevo BIH"]
[Date "2013.06.06"]
[Round "7.7"]
[White "Kadric,D"]
[Black "Djukic,Ni"]
[Result "0-1"]
[WhiteElo "2460"]
[BlackElo "2539"]
[ECO "B23"]

1.e4 c5 2.Nc3 Nc6 3.Bb5 Nd4 4.Ba4 a6 5.d3 b5 6.Bb3 e6 7.Nge2 Nxb3 8.axb3 Bb7
9.O-O Be7 10.f4 Nf6 11.e5 Nd5 12.Nxd5 Bxd5 13.Nc3 Bb7 14.f5 exf5 15.Rxf5 Qb6
16.Ne4 c4+ 17.Kh1 cxb3 18.Qg4 Qg6 19.Rg5 Bxg5 20.Nd6+ Kf8 21.Bxg5 Bc6 22.Rf1 h6
23.Nxf7 Kg8 24.e6 hxg5 25.Nxh8 Kxh8 26.e7 Kg8 27.Qb4 bxc2 28.Rf8+ Kh7 29.Qe1 Qe6
30.Qf1 Qg4  0-1

[Event "2nd Server24 Open"]
[Site "Ortisei ITA"]
[Date "2013.06.07"]
[Round "7.3"]
[White "Bertagnolli,A"]
[Black "Khenkin,I"]
[Result "0-1"]
[WhiteElo "2329"]
[BlackElo "2601"]
[ECO "B30"]

1.e4 c5 2.Nf3 Nc6 3.Nc3 e6 4.g3 d5 5.exd5 exd5 6.Bg2 Nf6 7.O-O d4 8.Nb1 Be7
9.d3 O-O 10.Bg5 h6 11.Bxf6 Bxf6 12.Nbd2 Be6 13.Re1 Re8 14.Nb3 b6 15.Ng5 Bd7
16.Rxe8+ Qxe8 17.Ne4 Be7 18.c3 f5 19.Ned2 dxc3 20.bxc3 Bf6 21.Qc2 Rd8 22.Nf3 Be6
23.Rd1 c4 24.dxc4 Rxd1+ 25.Qxd1 Bxc4 26.Nfd2 Be6 27.Qf3 Ne5 28.Qb7 Qd7 29.Qxd7 Nxd7
30.c4 Kf7 31.f4 a5 32.Bc6 Ke7 33.Kf2 Kd6 34.Bb5 Nc5 35.Ke3 Nxb3 36.Nxb3 g5
37.h3 Bc3 38.a4 Be1 39.Nd4 Bc8 40.fxg5 hxg5 41.Nf3 Bxg3 42.Nxg5 Bb7 43.Nf3 f4+
44.Ke2 Bc8 45.Ng1 Kc5 46.Kf3 Bh2 47.Ne2 Bxh3 48.Nc3 Bf5 49.Ne4+ Kd4 50.Ng5 Bg3
51.Ba6 Bc2 52.Bb5 Bd1+ 53.Kg2 Ke3 54.Bc6 Bh4 55.Nf3 Bf6 56.Nh2 Kd4 57.Bb5 Be2
58.Nf3+ Ke3 59.Bc6 Bxc4 60.Nh2 Be2 61.Bb7 Bd1 62.Bc6 Kd4 63.Bd7 Kc5 64.Ng4 Bd4
65.Nf2 Bxf2  0-1

[Event "Icelandic Open Championship 2013"]
[Site "Reykjavik ISL"]
[Date "2013.06.07"]
[Round "9.8"]
[White "Bergsson,St"]
[Black "Sverrisson,N"]
[Result "0-1"]
[WhiteElo "2157"]
[BlackElo "2012"]
[ECO "B23"]

1.e4 c5 2.Nc3 Nc6 3.Bb5 Nd4 4.Bc4 e6 5.f4 Ne7 6.a4 Nec6 7.Nf3 Nxf3+ 8.Qxf3 Nd4
9.Qd1 b6 10.O-O Bb7 11.d3 d5 12.Ba2 Be7 13.Be3 dxe4 14.Nxe4 Qd7 15.Kh1 Rd8
16.Bg1 O-O 17.a5 Qc7 18.Rc1 Bxe4 19.dxe4 Nb3 20.Bxb3 Rxd1 21.Rcxd1 b5 22.c4 Rd8
23.Rxd8+ Qxd8 24.Rd1 Qxa5 25.Rd7 Bf8 26.Rb7 b4 27.Bd1 Qa6 28.Rb5 Qc8 29.e5 a6
30.Ra5 Qd8 31.Ra1 Qd2 32.b3 Qxf4 33.Rxa6 Qxe5 34.Rc6 g6 35.Bf3 h5 36.Rc8 Kg7
37.Rd8 Be7 38.Rd3 Bf6 39.Re3 Qb2 40.Bd1 Bd4 41.Re1 Bxg1 42.Rxg1 e5  0-1

[Event "Alushta Summer-2013-2"]
[Site "Alushta UKR"]
[Date "2013.06.09"]
[Round "8"]
[White "Belikov,V"]
[Black "Frhat,A"]
[Result "1/2-1/2"]
[WhiteElo "2477"]
[BlackElo "2352"]
[ECO "B60"]

1.e4 c5 2.Nf3 Nc6 3.Nc3 d6 4.d4 cxd4 5.Nxd4 Nf6 6.Bg5 Qb6 7.Nb3 e6 8.Bf4 Ne5
9.Be3 Qc7 10.f4 Nc6 11.g4 d5 12.e5 Nd7 13.Nb5 Qd8 14.h4 a6 15.N5d4 Qc7 16.Qd2 Bb4
17.c3 Nxd4 18.Bxd4 Be7 19.Qe3 a5 20.Bb5 O-O 21.a4 b6 22.f5 f6 23.fxe6 Nxe5  1/2-1/2

[Event "French Top 12 2013"]
[Site "Haguenau FRA"]
[Date "2013.06.09"]
[Round "11.8"]
[White "Milliet,S"]
[Black "Nicoara,M"]
[Result "1-0"]
[WhiteElo "2391"]
[BlackElo "2117"]
[ECO "B35"]

1.e4 c5 2.Nf3 Nc6 3.Nc3 g6 4.d4 cxd4 5.Nxd4 Bg7 6.Be3 Nf6 7.Bc4 O-O 8.Bb3 e6
9.O-O d5 10.exd5 Nxd5 11.Nxd5 exd5 12.Nxc6 bxc6 13.c3 Bf5 14.Qd2 Qa5 15.Rfe1 Rfe8
16.f3 Bf8 17.Kh1 Red8 18.Bg5 Rd7 19.Rad1 d4 20.Qf4 c5 21.g4 Bd6 22.Qd2 c4
23.Bxc4 Bxg4 24.fxg4 dxc3 25.bxc3 Rc8 26.Bh6  1-0

[Event "French Top 12 2013"]
[Site "Haguenau FRA"]
[Date "2013.06.09"]
[Round "11.6"]
[White "Riff,JN"]
[Black "Terrieux,K"]
[Result "1/2-1/2"]
[WhiteElo "2458"]
[BlackElo "2427"]
[ECO "B33"]

1.e4 c5 2.Nf3 Nc6 3.Nc3 Nf6 4.d4 cxd4 5.Nxd4 e5 6.Ndb5 d6 7.Bg5 a6 8.Na3 b5
9.Bxf6 gxf6 10.Nd5 f5 11.exf5 Bxf5 12.c3 Bg7 13.Nc2 Be6 14.Nce3 Ne7 15.g3 Nxd5
16.Nxd5 O-O 17.Bg2 Rb8 18.O-O a5 19.a3 Qd7 20.Qd2 Kh8 21.Rad1 f5  1/2-1/2

[Event "FIDE World Blitz 2013"]
[Site "Khanty-Mansiysk RUS"]
[Date "2013.06.09"]
[Round "5.19"]
[White "Popov,Iv RUS"]
[Black "Pasiev,R"]
[Result "1-0"]
[WhiteElo "2632"]
[BlackElo "2384"]
[ECO "B34"]

1.e4 c5 2.Nf3 Nc6 3.Nc3 g6 4.d4 cxd4 5.Nxd4 Bg7 6.Be3 Nf6 7.f3 O-O 8.g4 d6
9.Qd2 Re8 10.O-O-O Nxd4 11.Bxd4 Be6 12.Kb1 Qc7 13.h4 Rec8 14.h5 Qa5 15.a3 Rab8
16.hxg6 fxg6 17.Qh2 h6 18.Bxf6 exf6 19.Qxd6 Bf7 20.Nd5 Rd8 21.Qb4 Qxb4 22.axb4 Kf8
23.Bc4 Rbc8 24.Bb3 Rd6 25.Rd3 Rcd8 26.c4 Bxd5 27.exd5 Rb6 28.b5 a6 29.bxa6 Rxa6
30.c5 Rda8 31.Rc1 Ra1+ 32.Kc2 Rxc1+ 33.Kxc1 Rc8 34.Rc3 f5 35.Rc4 fxg4 36.fxg4 b6
37.c6 Ke7 38.Re4+ Kd6 39.Re6+ Kc5 40.Rxg6 Be5 41.Re6 Bd6 42.Ba2 Bf4+ 43.Kc2 Rd8
44.Kc3 b5 45.b4+ Kb6 46.Re7 Bc7 47.Kd4 Rg8 48.Re4 Bd6 49.Kc3 Rf8 50.Bb1 Rf3+
51.Bd3 Rg3 52.Re6 Kc7 53.Rg6 Be5+ 54.Kc2 Rg2+ 55.Kd1 Bf4 56.Be4 Rd2+ 57.Ke1 Rd4
58.Bf3 Rxb4 59.Rg7+ Kd6 60.Rd7+ Ke5 61.Be2 Rb1+ 62.Kf2 Rb2 63.c7 Rc2 64.d6 Ke6
65.Rd8 Kd5  1-0

[Event "FIDE World Blitz 2013"]
[Site "Khanty-Mansiysk RUS"]
[Date "2013.06.09"]
[Round "8.20"]
[White "Pridorozhni,A"]
[Black "Salem,AR"]
[Result "0-1"]
[WhiteElo "2512"]
[BlackElo "2531"]
[ECO "B23"]

1.e4 c5 2.Nc3 Nc6 3.Bb5 e6 4.Bxc6 bxc6 5.d3 Ne7 6.f4 f6 7.Nf3 d5 8.O-O Ng6
9.e5 Be7 10.Na4 O-O 11.c4 Qc7 12.Qe2 Bd7 13.Bd2 fxe5 14.Nxe5 Nxe5 15.fxe5 Be8
16.Rxf8+ Bxf8 17.Re1 Bg6 18.b3 Rd8 19.Bc1 Be7 20.Ba3 dxc4 21.dxc4 Rd4 22.Bxc5 Bxc5
23.Nxc5 Qa5 24.Nb7 Qb6 25.Qf2 Rd2 26.Qxb6 axb6 27.Nd8 Rxd8 28.a4 Bc2 29.Re3 c5
30.Rc3 Bf5 31.b4 Ra8 32.bxc5 bxc5 33.Ra3 Be4 34.a5 Ra6 35.Kf2 Kf7 36.g3 Ke7
37.Ke3 Bg2 38.Kd2 Kd7 39.Kc3 Kc7 40.Ra2 Be4 41.h4 Ra8 42.Rf2 Bg6 43.g4 Rxa5
44.h5 Be8 45.Rf8 Kd8 46.Rh8 h6 47.Rg8 Ra7 48.Kd3 Rf7 49.Ke3 Ke7 50.Ke2 Bc6
51.Ke3 Bf3 52.Rc8 Bxg4 53.Rxc5 Bxh5 54.Rc8 Rf3+ 55.Kd4 Rf4+ 56.Ke3 Rf1 57.c5 Rc1
58.c6 g5 59.Rh8 Rxc6 60.Rxh6 Bf7 61.Rh7 Rc3+ 62.Kd4 Rf3 63.Rg7 Rf5  0-1

[Event "FIDE World Blitz 2013"]
[Site "Khanty-Mansiysk RUS"]
[Date "2013.06.09"]
[Round "8.13"]
[White "Popov,Iv RUS"]
[Black "Zvjaginsev,V"]
[Result "0-1"]
[WhiteElo "2632"]
[BlackElo "2659"]
[ECO "B34"]

1.e4 c5 2.Nf3 Nc6 3.Nc3 g6 4.d4 cxd4 5.Nxd4 Bg7 6.Be3 Nf6 7.f3 O-O 8.g4 e6
9.Qd2 d5 10.exd5 Nxd5 11.Nxd5 Qxd5 12.c4 Nxd4 13.O-O-O Qxf3  0-1

[Event "FIDE World Blitz 2013"]
[Site "Khanty-Mansiysk RUS"]
[Date "2013.06.09"]
[Round "13.15"]
[White "Pridorozhni,A"]
[Black "Zvjaginsev,V"]
[Result "1/2-1/2"]
[WhiteElo "2512"]
[BlackElo "2659"]
[ECO "B23"]

1.e4 c5 2.Nc3 Nc6 3.Bb5 Nd4 4.Nf3 a6 5.Bc4 b5 6.Bd5 Rb8 7.Nxd4 cxd4 8.Ne2 Nf6
9.Nxd4 Qb6 10.c3 e5 11.Nf5 Nxd5 12.exd5 Qg6 13.Qf3 d6 14.Nh4 Qh6 15.g3 Be7
16.d4 Qf6 17.Qxf6 Bxf6 18.dxe5 Bxh4 19.gxh4 dxe5 20.Rg1 Rg8 21.Bh6 Kf8 22.Be3 f6
23.O-O-O Kf7 24.b3 Bf5 25.Kb2 Rgd8 26.Rd2 Rd7 27.Ka3 a5 28.c4 bxc4 29.bxc4 Rb4
30.c5 Be4 31.c6 Rxd5 32.Rxd5 Bxd5 33.Rc1 Rc4 34.Rxc4 Bxc4 35.c7 Be6 36.Ka4 Ke7
37.a3 Kd7 38.Bb6 Kc6 39.Bxa5 g5 40.hxg5 fxg5 41.Kb4 g4 42.Kc3 Kd5 43.Bb6 h5
44.a4 Bc8 45.a5 Ba6 46.Be3 Ke4 47.Kb4 Kd5 48.Bg5 Kc6 49.Bf6 Kd5 50.Bg7 h4
51.Bf6 h3 52.Bg7 Kd6 53.Bf6 Kd5 54.Bh4 Kc6 55.Bg3 Kxc7 56.Kc5 Kb7 57.Bxe5  1/2-1/2

[Event "27th Pula Open 2013"]
[Site "Pula CRO"]
[Date "2013.06.09"]
[Round "2.8"]
[White "Drazic,S"]
[Black "Blagojevic,M"]
[Result "1-0"]
[WhiteElo "2463"]
[BlackElo "2133"]
[ECO "B67"]

1.e4 c5 2.Nc3 Nc6 3.Nge2 d6 4.d4 cxd4 5.Nxd4 Nf6 6.Bg5 e6 7.Qd2 a6 8.O-O-O Bd7
9.f3 Rc8 10.Kb1 Be7 11.h4 Qc7 12.Nxc6 Bxc6 13.Ne2 Bxe4 14.fxe4 Nxe4 15.Qe1 Nf2
16.Nc3 Nxh1 17.Bd3 Bxg5 18.hxg5 Qa5 19.Qxh1 Ke7 20.Qh4 h6 21.gxh6+ g5 22.Qh5 Qe5
23.Rf1 Rcf8 24.h7  1-0

[Event "27th Pula Open 2013"]
[Site "Pula CRO"]
[Date "2013.06.09"]
[Round "2.1"]
[White "Bosiocic,Mari"]
[Black "Nuster,E"]
[Result "1-0"]
[WhiteElo "2556"]
[BlackElo "2165"]
[ECO "B30"]

1.e4 c5 2.Nf3 Nc6 3.Nc3 e5 4.Bc4 Be7 5.d3 d6 6.Nd2 Nf6 7.Nf1 Bg4 8.f3 Be6
9.Ne3 a6 10.a3 b5 11.Ba2 Rc8 12.O-O Nh5 13.g3 g6 14.Ncd5 Ng7 15.b4 h5 16.f4 f6
17.f5 gxf5 18.exf5 Bf7 19.c3 Kf8 20.Qf3 a5 21.a4 Rb8 22.axb5 Rxb5 23.Bc4 Rb8
24.bxc5 e4 25.Qxe4 Ne5 26.c6 Nxc6 27.Nf4 d5 28.Bxd5 Bxd5 29.Nexd5 Kf7 30.Ng6 Re8
31.Qc4  1-0

[Event "FIDE World Blitz 2013"]
[Site "Khanty-Mansiysk RUS"]
[Date "2013.06.10"]
[Round "20.22"]
[White "Pridorozhni,A"]
[Black "Kobalia,M"]
[Result "1-0"]
[WhiteElo "2512"]
[BlackElo "2651"]
[ECO "B23"]

1.e4 c5 2.Nc3 Nc6 3.Bb5 Nd4 4.Nf3 Nxb5 5.Nxb5 d6 6.d4 cxd4 7.Qxd4 a6 8.Nc3 Nf6
9.Bg5 e6 10.O-O-O Be7 11.Bxf6 gxf6 12.Rhe1 Qc7 13.Nh4 Bd7 14.Nf5 Rd8 15.Nxd6+ Bxd6
16.Qxd6 Qxd6 17.Rxd6 Bc6 18.Rxd8+ Kxd8 19.Kd2 h5 20.h4 Rg8 21.g3 Ke7 22.Ke3 b5
23.a3 a5 24.Ne2 e5 25.Rc1 Rd8 26.f3 Rb8 27.c3 Bd7 28.Rg1 Rg8 29.Nc1 f5 30.exf5 Bxf5
31.Nd3 f6 32.Nf2 b4 33.cxb4 axb4 34.a4 Bc2 35.a5 f5 36.f4 e4 37.a6 Kd6 38.a7 Kc7
39.Ra1 Kb7 40.a8=Q+ Rxa8 41.Rxa8 Kxa8 42.g4 fxg4 43.Nh1 Kb7 44.Ng3 Kc6 45.Nxh5 Kd6
46.Ng3 Ke6 47.Nxe4 Kd5 48.Ng3 Ke6 49.Kd4 Kf6 50.Kc4 b3 51.Kd4 Bd1 52.Kd3 Bc2+
53.Ke3 Bb1 54.Ne2 Kg6 55.Kf2 Kf5 56.Kg3 Ke4 57.Nc3+ Kd3 58.Nxb1 Kc2 59.f5  1-0

[Event "FIDE World Blitz 2013"]
[Site "Khanty-Mansiysk RUS"]
[Date "2013.06.10"]
[Round "22.20"]
[White "Pridorozhni,A"]
[Black "Vasquez Schroeder,R"]
[Result "0-1"]
[WhiteElo "2512"]
[BlackElo "2542"]
[ECO "B23"]

1.e4 c5 2.Nc3 Nc6 3.Bb5 Nd4 4.Nf3 a6 5.Bd3 Nc6 6.O-O g6 7.Re1 Bg7 8.e5 f6
9.exf6 Nxf6 10.b3 O-O 11.Bb2 e6 12.Qe2 d5 13.Na4 b6 14.Ne5 Nb4 15.a3 Nxd3
16.Qxd3 Qc7 17.Nf3 d4 18.c3 b5 19.cxd4 bxa4 20.dxc5 Qxc5 21.Bd4 Qd5 22.bxa4 Ng4
23.h3 Rxf3 24.gxf3 Bxd4 25.hxg4 Bxf2+  0-1

[Event "FIDE World Blitz 2013"]
[Site "Khanty-Mansiysk RUS"]
[Date "2013.06.10"]
[Round "23.21"]
[White "Pridorozhni,A"]
[Black "Georgiev,Ki"]
[Result "0-1"]
[WhiteElo "2512"]
[BlackElo "2636"]
[ECO "B23"]

1.e4 c5 2.Nc3 Nc6 3.Bb5 Nd4 4.Nf3 a6 5.Bc4 Nf6 6.e5 d5 7.Nxd4 cxd4 8.Bb3 dxc3
9.exf6 cxb2 10.Bxb2 exf6 11.O-O Be7 12.Qf3 Be6 13.Rfe1 O-O 14.a4 Qd7 15.h3 Rac8
16.Bd4 Bc5 17.Qe3 Qd6 18.c3 Qb6 19.Bxc5 Qxc5 20.Qxc5 Rxc5 21.f3 Rd8 22.Rac1 g5
23.d4 Rc7 24.a5 Kg7 25.Kf2 h5 26.Ke3 h4 27.Kd2 Rd6 28.Bc2 b6 29.axb6 Rxb6
30.Rb1 Rcb7 31.Rxb6 Rxb6 32.Ra1 Bc8 33.Ra5 Bb7 34.Rc5 Bc6 35.Bd3 Kf8 36.c4 dxc4
37.Bxc4 Ke7 38.Kc3 Kd6 39.Rf5 Ke7 40.Rc5 Bb5 41.Bxb5 Rxb5 42.Rc7+ Ke6 43.Rc6+ Ke7
44.Rxa6 Rb1 45.Ra2 f5 46.Kc4 Re1 47.Kc5 f4 48.Ra7+ Kf6 49.Ra2 Ke7 50.d5 Rc1+
51.Kd4 Re1 52.Ra7+ Kd6 53.Ra6+ Ke7 54.Ra7+ Kd6 55.Rxf7 Re2 56.Rf6+ Kd7 57.Rg6 Rxg2
58.Ke5 Re2+ 59.Kf5 Rh2 60.Rxg5 Rxh3 61.Kxf4 Rh1 62.Rh5 Kd6 63.Kg4 h3 64.Rxh3 Rg1+
65.Kf5 Kxd5 66.f4 Rg8 67.Rd3+ Kc6  0-1